|
|
|
|
| LEADER |
01496nam a2200313 a 4500 |
| 001 |
4339045 |
| 008 |
091102s1988 ja a b 100 0 eng d |
| 010 |
|
|
|a 88214183
|
| 020 |
|
|
|a 9062566413
|
| 040 |
|
|
|a NN
|c NN
|d WaU
|d DLC
|
| 082 |
0 |
0 |
|a 338.9
|2 19
|
| 245 |
0 |
4 |
|a The Hidden crisis in development :
|b development bureaucracies /
|c edited by Philip Quarles van Ufford, Dirk Kruijt, Theodore Downing.
|
| 260 |
|
|
|a Tokyo :
|b United Nations University ;
|a Amsterdam :
|b Free University Press,
|c 1988.
|
| 300 |
|
|
|a 254 p. :
|b ill. ;
|c 25 cm.
|
| 490 |
0 |
|
|a Raedarius books ;
|v 2
|
| 500 |
|
|
|a "The contributions in this volume are based on papers read and discussed at an international conference held at Satya Wacana University, Salatiga, Indonesia, in December 1985"--Pref.
|
| 504 |
|
|
|a Includes bibliographical references.
|
| 541 |
1 |
|
|e 00006366
|
| 650 |
|
0 |
|a Economic development
|x Congresses.
|
| 650 |
|
0 |
|a Economic development projects
|x Congresses.
|
| 650 |
|
0 |
|a Bureaucracy
|x Congresses.
|
| 651 |
|
0 |
|a Developing countries
|x Economic conditions
|x Congresses.
|
| 651 |
|
0 |
|a Developing countries
|x Economic policy
|x Congresses.
|
| 700 |
1 |
|
|a Kruijt, Dirk.
|
| 700 |
2 |
|
|a Quarles van Ufford, Ph.
|
| 700 |
1 |
|
|a Downing, Theodore.
|
| 852 |
4 |
|
|a Ayesha Abed Library
|j General Shelf.
|
| 999 |
|
|
|c 5094
|d 5094
|
| 952 |
|
|
|0 0
|1 0
|2 ddc
|4 0
|6 338_900000000000000_HID_1988
|7 0
|9 4947
|a BRACUL
|b BRACUL
|c GEN
|d 2009-11-04
|g 0.00
|l 0
|o 338.9 HID
|p 3010006366
|r 2009-11-04
|t 1
|w 2009-11-04
|y BK
|x No price found in the accession register.
|